[Event "6. Abierto Carlos I Silgar 2014"]
[Site "Sanxenxo ESP"]
[Date "2014.06.29"]
[Round "9.1"]
[White "Suarez Gomez, Julio"]
[Black "Strikovic, Aleksa"]
[Result "1/2-1/2"]
[WhiteElo "2307"]
[BlackElo "2532"]
[PlyCount "47"]
[EventDate "2014.06.21"]
[EventType "swiss"]
[EventRounds "9"]
[EventCountry "ESP"]
[Source "lmi"]
[SourceDate "2014.06.21"]

1. e4 d6 2. f4 e5 3. Nf3 exf4 4. d4 Nf6 5. Nc3 Nh5 6. Nd5 Be7 7. Nxf4 Nxf4 8.
Bxf4 Bg4 9. Qd2 O-O 10. O-O-O Nd7 11. h3 Bh5 12. Bd3 Re8 13. g4 Bg6 14. Rhe1 c5
15. e5 dxe5 16. dxe5 Nf8 17. Bb5 Qxd2+ 18. Rxd2 Red8 19. Rxd8 Rxd8 20. Bg5
Bxg5+ 21. Nxg5 Rd4 22. Be8 Rd8 23. Bb5 Rd4 24. Be8 1/2-1/2

[Event "6. Abierto Carlos I Silgar 2014"]
[Site "Sanxenxo ESP"]
[Date "2014.06.29"]
[Round "9.2"]
[White "Garcia Castro, Pablo"]
[Black "Hoffman, Alejandro"]
[Result "1/2-1/2"]
[WhiteElo "2357"]
[BlackElo "2450"]
[PlyCount "55"]
[EventDate "2014.06.21"]
[EventType "swiss"]
[EventRounds "9"]
[EventCountry "ESP"]
[Source "lmi"]
[SourceDate "2014.06.21"]

1. g3 d5 2. Bg2 c5 3. Nf3 Nc6 4. d4 Nf6 5. O-O e6 6. c4 Be7 7. cxd5 exd5 8. Nc3
O-O 9. b3 Ne4 10. Bb2 Bf6 11. Na4 b6 12. Rc1 Ba6 13. dxc5 b5 14. Bxf6 Qxf6 15.
Nb2 Qxb2 16. Qxd5 Nc3 17. Rxc3 Qxc3 18. Qxc6 Qa5 19. Ng5 Rad8 20. Qe4 g6 21.
Qh4 h5 22. Ne4 Bc8 23. Nf6+ Kg7 24. b4 Qxa2 25. Nxh5+ gxh5 26. Qg5+ Kh7 27.
Qxh5+ Kg7 28. Qg5+ 1/2-1/2

[Event "6. Abierto Carlos I Silgar 2014"]
[Site "Sanxenxo ESP"]
[Date "2014.06.29"]
[Round "9.3"]
[White "Fernandez Losada, Daniel"]
[Black "Gomez Ledo, Roberto Carlos"]
[Result "1/2-1/2"]
[WhiteElo "2200"]
[BlackElo "2429"]
[PlyCount "102"]
[EventDate "2014.06.21"]
[EventType "swiss"]
[EventRounds "9"]
[EventCountry "ESP"]
[Source "lmi"]
[SourceDate "2014.06.21"]

1. e4 e6 2. d4 d5 3. Nc3 dxe4 4. Nxe4 Bd7 5. Nf3 Bc6 6. Bd3 Nd7 7. O-O Ngf6 8.
Qe2 Be7 9. c4 Nxe4 10. Bxe4 Bxe4 11. Qxe4 c6 12. Bf4 O-O 13. Rad1 Qa5 14. Rfe1
Qxa2 15. Qc2 Qa5 16. Ne5 Rfd8 17. Ra1 Qc7 18. c5 Nxe5 19. Bxe5 Qd7 20. Qe4 Qd5
21. Qg4 f6 22. Bg3 Kf7 23. Ra3 Qf5 24. Qh4 h5 25. Rae3 Qg4 26. Rxe6 Bf8 27.
Qxg4 hxg4 28. Bd6 Rd7 29. R6e4 Rad8 30. g3 f5 31. Re5 g6 32. Kg2 a6 33. h3
gxh3+ 34. Kxh3 Bxd6 35. cxd6 b5 36. Re7+ Rxe7 37. Rxe7+ Kf6 38. Ra7 Rxd6 39.
Rxa6 Ke6 40. g4 fxg4+ 41. Kxg4 Rxd4+ 42. Kg5 Kd5 43. f4 Rb4 44. Ra1 Rxb2 45.
Kxg6 Rf2 46. f5 b4 47. f6 c5 48. f7 c4 49. Ra5+ Ke6 50. Ra6+ Ke5 51. Ra5+ Ke6
1/2-1/2

[Event "6. Abierto Carlos I Silgar 2014"]
[Site "Sanxenxo ESP"]
[Date "2014.06.29"]
[Round "9.4"]
[White "Patino Romaris, Juan Roberto"]
[Black "Sanchez Aller, Fernando"]
[Result "0-1"]
[WhiteElo "2198"]
[BlackElo "2355"]
[PlyCount "76"]
[EventDate "2014.06.21"]
[EventType "swiss"]
[EventRounds "9"]
[EventCountry "ESP"]
[Source "lmi"]
[SourceDate "2014.06.21"]

1. d4 Nf6 2. c4 c5 3. d5 b5 4. cxb5 a6 5. bxa6 g6 6. Nc3 Bxa6 7. f4 Bg7 8. Nf3
Qa5 9. Bd2 d6 10. e4 O-O 11. e5 dxe5 12. fxe5 Ng4 13. Ne4 Qb6 14. Bc3 Nd7 15.
Bxa6 Qxa6 16. Qe2 Rfc8 17. e6 fxe6 18. dxe6 Nde5 19. Nxe5 Nxe5 20. Qxa6 Rxa6
21. Kd2 Rxe6 22. Rhe1 Nc4+ 23. Kd3 Nxb2+ 24. Kc2 Nc4 25. Bxg7 Kxg7 26. Kc3 Na3
27. Ng5 Ra6 28. Re5 Nb5+ 29. Kc4 Ra4+ 30. Kd3 Ra3+ 31. Kc2 Kf6 32. Rae1 Rxa2+
33. Kb3 Rxg2 34. Nxh7+ Kg7 35. Rxe7+ Kh6 36. Nf6 c4+ 37. Kb4 Rb2+ 38. Ka5 Nd6
0-1

[Event "6. Abierto Carlos I Silgar 2014"]
[Site "Sanxenxo ESP"]
[Date "2014.06.29"]
[Round "9.5"]
[White "Rivera, Dan"]
[Black "Medarde Santiago, Luis Marcos"]
[Result "1/2-1/2"]
[WhiteElo "2347"]
[BlackElo "2160"]
[PlyCount "90"]
[EventDate "2014.06.21"]
[EventType "swiss"]
[EventRounds "9"]
[EventCountry "ESP"]
[Source "lmi"]
[SourceDate "2014.06.21"]

1. e4 c5 2. Nf3 d6 3. d4 cxd4 4. Nxd4 Nf6 5. Nc3 g6 6. g3 Nc6 7. Nde2 h5 8. h3
Bd7 9. Bg2 Qc8 10. b3 Bg7 11. Bb2 h4 12. g4 Nxg4 13. hxg4 Bxg4 14. f3 h3 15.
fxg4 Qxg4 16. Qd3 Qxg2 17. O-O-O h2 18. Nd5 Bxb2+ 19. Kxb2 O-O-O 20. Nd4 Nxd4
21. Qxd4 Kb8 22. Nxe7 Rhe8 23. Nd5 Rc8 24. Nc3 Rc6 25. Qd2 Qg3 26. Qd3 Qg2 27.
Qe2 Qxe2 28. Nxe2 Rxe4 29. Rxh2 Rg4 30. Nd4 Rc5 31. Ne2 Kc7 32. Rf1 f5 33. Nf4
Kc6 34. Rh6 g5 35. Nd3 Ra5 36. Rf6 f4 37. Rd1 Kd7 38. b4 Ke7 39. Rh6 Rf5 40.
Re1+ Kd7 41. Rh7+ Kc6 42. c4 f3 43. Ree7 Rxc4 44. Kb3 Rd4 45. Nf2 g4 1/2-1/2

[Event "6. Abierto Carlos I Silgar 2014"]
[Site "Sanxenxo ESP"]
[Date "2014.06.29"]
[Round "9.6"]
[White "Torrado Quintela, Julio"]
[Black "Blazquez Lopez, Berna"]
[Result "1-0"]
[WhiteElo "2237"]
[BlackElo "2113"]
[PlyCount "45"]
[EventDate "2014.06.21"]
[EventType "swiss"]
[EventRounds "9"]
[EventCountry "ESP"]
[Source "lmi"]
[SourceDate "2014.06.21"]

1. e4 e5 2. Nf3 Nc6 3. d4 exd4 4. Bc4 Be7 5. c3 Nf6 6. e5 Ne4 7. Bd5 Nc5 8.
cxd4 Na6 9. a3 O-O 10. Nc3 d6 11. O-O Bg4 12. Qa4 Bd7 13. Qc4 dxe5 14. dxe5 Na5
15. Qe2 c6 16. Ba2 b5 17. b4 Nb7 18. Rd1 Nc7 19. Bb1 a5 20. Qd3 g6 21. Qxd7
axb4 22. Qxc6 bxc3 23. Rxd8 1-0

[Event "6. Abierto Carlos I Silgar 2014"]
[Site "Sanxenxo ESP"]
[Date "2014.06.29"]
[Round "9.7"]
[White "Espineira Gonzalez, Diego"]
[Black "Vilarnovo Caamaño, Jose"]
[Result "1/2-1/2"]
[WhiteElo "2388"]
[BlackElo "2078"]
[PlyCount "84"]
[EventDate "2014.06.21"]
[EventType "swiss"]
[EventRounds "9"]
[EventCountry "ESP"]
[Source "lmi"]
[SourceDate "2014.06.21"]

1. e4 c5 2. Nf3 Nc6 3. d4 cxd4 4. Nxd4 Nf6 5. Nc3 e5 6. Ndb5 d6 7. Bg5 a6 8.
Na3 b5 9. Bxf6 gxf6 10. Nd5 f5 11. g3 fxe4 12. Bg2 Bg7 13. Bxe4 Be6 14. Qh5 Rc8
15. Rd1 Ne7 16. c3 Nxd5 17. Bxd5 Bxd5 18. Rxd5 Rc5 19. Rd2 e4 20. Qd1 Be5 21.
Qg4 Qa8 22. O-O h5 23. Qh4 f5 24. f4 exf3 25. Rdf2 Qe4 26. Rxf3 Qxh4 27. gxh4
Rg8+ 28. Kh1 f4 29. Nc2 Rd5 30. Nb4 Rd2 31. R3f2 Rxf2 32. Rxf2 a5 33. Nd5 Rg4
34. h3 Rg3 35. Nxf4 Bxf4 36. Rxf4 Rxh3+ 37. Kg2 Rd3 38. Rf3 Rd2+ 39. Rf2 Rd3
40. Kf1 Ke7 41. Rf5 Ke6 42. Rxh5 Rh3 1/2-1/2

[Event "6. Abierto Carlos I Silgar 2014"]
[Site "Sanxenxo ESP"]
[Date "2014.06.29"]
[Round "9.8"]
[White "Aguera Naredo, Javier"]
[Black "Torres Dominguez, David"]
[Result "1-0"]
[WhiteElo "2355"]
[BlackElo "2063"]
[PlyCount "77"]
[EventDate "2014.06.21"]
[EventType "swiss"]
[EventRounds "9"]
[EventCountry "ESP"]
[Source "lmi"]
[SourceDate "2014.06.21"]

1. e4 e5 2. f4 exf4 3. Nf3 g5 4. Nc3 d6 5. d4 Bg7 6. g3 g4 7. Nh4 f3 8. Be3 Nc6
9. Qd2 Nge7 10. O-O-O d5 11. Bh6 O-O 12. h3 Bxh6 13. Qxh6 Qd6 14. Qg5+ Kh8 15.
e5 Qe6 16. Bd3 Rg8 17. Qh5 Rg7 18. Nb5 Rb8 19. Nxc7 Qd7 20. Nb5 Nb4 21. Nd6
Nxd3+ 22. Rxd3 Kg8 23. hxg4 Qxg4 24. Ne8 Qxh5 25. Nf6+ Kf8 26. Nxh5 Rg5 27.
Nxf3 Rg4 28. Nh4 Nf5 29. Nxf5 Bxf5 30. Nf6 Bxd3 31. Nxg4 Rc8 32. c3 b5 33. Nf6
b4 34. Kd2 Bg6 35. Rc1 bxc3+ 36. Rxc3 Rc4 37. Rxc4 dxc4 38. Kc3 Bb1 39. a3 1-0

[Event "6. Abierto Carlos I Silgar 2014"]
[Site "Sanxenxo ESP"]
[Date "2014.06.29"]
[Round "9.9"]
[White "Abal Cores, Lucas"]
[Black "Gonzalez Diaz, Julio"]
[Result "0-1"]
[WhiteElo "2137"]
[BlackElo "2292"]
[PlyCount "78"]
[EventDate "2014.06.21"]
[EventType "swiss"]
[EventRounds "9"]
[EventCountry "ESP"]
[Source "lmi"]
[SourceDate "2014.06.21"]

1. e4 g6 2. d4 Bg7 3. c3 d6 4. g3 Nf6 5. Bg2 O-O 6. Ne2 e5 7. O-O Qe7 8. Qc2 c6
9. h3 Ne8 10. Be3 f5 11. exf5 gxf5 12. f4 e4 13. c4 Nf6 14. Nd2 d5 15. c5 Na6
16. a3 Nc7 17. b4 Bd7 18. a4 h5 19. Rfb1 h4 20. Nf1 Kh8 21. Nc3 a6 22. Qe2 Bh6
23. gxh4 Rg8 24. Qf2 Nh5 25. Ne2 Rg6 26. Kh2 Bg7 27. Bd2 Bf6 28. Be1 Rag8 29.
Bh1 Ng7 30. Ne3 Rh6 31. Ng2 Be8 32. Ra3 Bh5 33. Ng3 Nce6 34. Nxh5 Nxh5 35. Rd1
Qc7 36. Bd2 Bxd4 37. Qxd4+ Nxd4 38. Bc3 Nxf4 39. Bxd4+ Kh7 0-1

[Event "6. Abierto Carlos I Silgar 2014"]
[Site "Sanxenxo ESP"]
[Date "2014.06.29"]
[Round "9.10"]
[White "Rodriguez Lopez, Rafael"]
[Black "Grinblat, Artemiy"]
[Result "0-1"]
[WhiteElo "2259"]
[BlackElo "2036"]
[PlyCount "82"]
[EventDate "2014.06.21"]
[EventType "swiss"]
[EventRounds "9"]
[EventCountry "ESP"]
[Source "lmi"]
[SourceDate "2014.06.21"]

1. e4 e6 2. d4 d5 3. Nd2 Nf6 4. e5 Nfd7 5. Bd3 c5 6. c3 Nc6 7. Ne2 cxd4 8. cxd4
f6 9. exf6 Qxf6 10. Nf3 h6 11. O-O Bd6 12. Bc2 O-O 13. Ng3 Rf7 14. Nh5 Qd8 15.
Qd3 Nf8 16. a3 Bd7 17. Re1 Rc8 18. Bd1 Be8 19. Ng3 Rfc7 20. Be3 Bg6 21. Qd2 b5
22. Bf4 b4 23. Bxd6 Qxd6 24. Ba4 Na5 25. Ne5 Nc4 26. Nxc4 Rxc4 27. Bb3 R4c7 28.
axb4 Rb8 29. Ra4 Be8 30. Ra5 Qxb4 31. Qxb4 Rxb4 32. Bxd5 exd5 33. Rxe8 Rc1+ 34.
Nf1 Rxd4 35. Rxa7 Rdd1 36. g3 Rxf1+ 37. Kg2 Rfe1 38. Rd8 Re5 39. Raa8 Rf5 40.
g4 Rf7 41. Rxd5 Rc2 0-1